| 000 | 00827nam a2200265 i 4500 | ||
|---|---|---|---|
| 001 | 85388 | ||
| 003 | ES-MaACL | ||
| 005 | 20260121141220.0 | ||
| 007 | t| | ||
| 008 | 041126s1980 sp ||||1| spa d | ||
| 020 | _a84-264-1996-8 | ||
| 080 | _a821.111(415)-31"19" | ||
| 100 | 1 |
_aJoyce, James, _d1882-1941 _967077 |
|
| 245 | 1 | 0 |
_aUlises / _cJames Joyce ; traducción y prólogo de José María Valverde. |
| 250 | _a4ª ed. | ||
| 260 |
_aBarcelona : _bLumen, _c1980. |
||
| 300 |
_a2 v. ; _c19 cm. |
||
| 490 | 1 |
_aPalabra en el tiempo ; _v112. Serie novela |
|
| 700 | 1 |
_aValverde, José María, _d1926-1996 _9113013 |
|
| 830 | 1 |
_aPalabra en el tiempo ; _v112. Serie novela _9177857 |
|
| 852 | 4 |
_aES-MaACL _jL-3971 _cDEPO2 _988522 |
|
| 852 | 4 |
_aES-MaACL _jL-3972 _cDEPO2 |
|
| 942 | _2udc | ||
| 999 |
_c85388 _d85388 |
||